Der Jurist und die Aufklärungspflicht vor der Schockbehandlung

Saved in:  
Bibliographic Details
Main Author: Friedrich, M. (Author)
Format: Print Article
Language:German
Published: 1955
In: Medizinische Klinik
Year: 1955, Pages: 774 ff.
Availability in Tübingen:Present in Tübingen.
IFK: 233
Check availability: HBZ Gateway
Keywords:

MARC

LEADER 00000caa a22000002c 4500
001 1632289806
003 DE-627
005 20230426232013.0
007 tu
008 130626s1955 xx ||||| 00| ||ger c
035 |a (DE-627)1632289806 
035 |a (DE-576)384536573 
035 |a (DE-599)BSZ384536573 
040 |a DE-627  |b ger  |c DE-627  |e rakwb 
041 |a ger 
100 1 |a Friedrich, M.  |4 aut 
245 1 4 |a Der Jurist und die Aufklärungspflicht vor der Schockbehandlung  |c M. Friedrich 
264 1 |c 1955 
336 |a Text  |b txt  |2 rdacontent 
337 |a ohne Hilfsmittel zu benutzen  |b n  |2 rdamedia 
338 |a Band  |b nc  |2 rdacarrier 
773 0 8 |i In  |t Medizinische Klinik  |d München : Springer Medizin, 1905  |g (1955), Seite 774 ff.  |w (DE-627)129079960  |w (DE-600)3232-3  |w (DE-576)014412616  |x 0723-5003  |7 nnas 
773 1 8 |g year:1955  |g pages:774 ff. 
951 |a AR 
ELC |b 1 
LOK |0 000 xxxxxcx a22 zn 4500 
LOK |0 001 3284190023 
LOK |0 003 DE-627 
LOK |0 004 1632289806 
LOK |0 005 20130626143400 
LOK |0 008 130626||||||||||||||||ger||||||| 
LOK |0 040   |a DE-21-110  |c DE-627  |d DE-21-110 
LOK |0 689   |a s  |a Arztstrafrecht 
LOK |0 689   |a s  |a Elektroschockbehandlung 
LOK |0 852   |a DE-21-110 
LOK |0 852 1  |c 233  |m p  |9 00 
LOK |0 935   |a k110 
LOK |0 938   |k p 
LOK |0 939   |a 26-06-13  |b l01 
ORI |a SA-MARC-krimdoka001.raw 
SIG |a IFK: 233